01703nam a2200289 a 4500001001500000003000400015005001700019008004100036020003500077020003000112040000700142050001100149082001100160100003000171245004800201260003400249300002100283490002700304520072600331650003201057650004901089830003301138856008201171942001201253999001901265952012901284ASIN303768092XOSt20180116192417.0130726s2011 xxu eng d a303768092X (hardcover)c$99.95 a9783037680926 (hardcover) c0004aNA279404a729.281 aUffelen, Chris van.9680410aLight in architecture /cChris van Uffelen. a :bBraun Publish,Csi,c2012. a424 p. ;c31 cm.1 aArchitecture in focus. aLight is the prerequisite for spatial perception, which is why it is an integral component of architecture. Light design in architecture has become more lively and also more colourful in the last few years. The projects selected here show how good architecture is improved with the right light. With interior design, the purpose of the introduction of natural light and the use of artificial light is to create a spatial experience: certain areas are accentuated, spatial units are defined and differing atmospheres are established. Illumination also plays a role with exteriors, not just at night. In addition to the form emphasizing role of light, a striking illumination can lend the building an emblematic uniqueness. 0aLight in architecture96805 0aLighting, Architectural and decorative96806 0aArchitecture in focus.96807403Amazon.comuhttp://www.amazon.com/exec/obidos/ASIN/303768092X/chopaconline-20 2ddccBK c353761d353761 00102ddc4070aSADAbSADAd2013-06-20l4m2o729.28 UFF 2012pSADA0002070r2015-11-17s2015-11-13v9698.22w2013-07-30yBK